| 000 | 00666nam a22002057a 4500 | ||
|---|---|---|---|
| 003 | OSt | ||
| 005 | 20221214075139.0 | ||
| 008 | 221214t2009 us a|||br|||| 00| j eng d | ||
| 020 | _a9781423131106 | ||
| 040 |
_aCO-JMCR _cCO-JMCR |
||
| 041 | 0 | _aeng | |
| 082 | 0 | 4 |
_aC / _bSWEm |
| 100 | 1 |
_aSweeny Higginson, Sheila, _eautora _942543 |
|
| 245 | 1 | 0 |
_aMickey Mouse Clubhouse : _btreasury / _cSheila Sweeny Higginson |
| 260 |
_aNueva York : _bDisney, _c©2009 |
||
| 300 |
_a66 páginas : _bilustraciones a color ; _c24 cm |
||
| 505 | 0 | _aMinnie's rainbow -- Up, up, and away -- Look before you leap | |
| 650 | 1 | 4 |
_aCuentos infantiles en inglés _942544 |
| 942 |
_2ddc _cBK |
||
| 999 |
_c29806 _d16190 |
||